[Event "TORNEO A"]
[Site "ZEVIO (VR) ITA"]
[Date "2023.03.26"]
[Round "4.7"]
[White "Goldoni, Claudio"]
[Black "Landi, Roberto"]
[Result "0-1"]
[WhiteElo "1822"]
[BlackElo "1807"]
[PlyCount "72"]
[EventDate "2023.03.25"]

1. e4 c6 2. d4 d5 3. Nd2 dxe4 4. Nxe4 Nd7 5. Nf3 Ngf6 6. Ng3 c5 7. d5 Nb6 8. c4
e6 9. Qe2 Be7 10. dxe6 Bxe6 11. b3 O-O 12. Bb2 Nbd7 13. Qd2 Qc7 14. Bd3 Bg4 15.
Be2 Rad8 16. Qc3 Rfe8 17. O-O Bd6 18. Rfe1 Ne5 19. Nxe5 Bxe5 20. Qc2 Bxb2 21.
Qxb2 Qf4 22. Nf1 h5 23. h3 Bf5 24. Ne3 Rxe3 25. fxe3 Qxe3+ 26. Kh1 Rd2 27. Qc1
Bxh3 28. Bf3 Bxg2+ 29. Bxg2 Qf2 30. Qxd2 Qxd2 31. Re5 b6 32. Re7 a5 33. Rae1
Qxa2 34. R1e3 Qa1+ 35. Re1 Qd4 36. Rb7 Qh4+ 0-1

[Event "TORNEO A"]
[Site "ZEVIO (VR) ITA"]
[Date "2023.03.26"]
[Round "5.1"]
[White "Kosarev, Andrei M."]
[Black "Bordignon, Angelo"]
[Result "1/2-1/2"]
[WhiteElo "2284"]
[BlackElo "2052"]
[PlyCount "96"]
[EventDate "2023.03.25"]

1. c4 c5 2. Nc3 Nc6 3. g3 g6 4. Bg2 Bg7 5. e4 d6 6. Nge2 Nf6 7. d3 O-O 8. O-O
a6 9. h3 Rb8 10. a4 Ne8 11. Be3 Nd4 12. Rb1 Nc7 13. b4 Nce6 14. f4 Bd7 15. f5
Nc7 16. g4 b6 17. b5 axb5 18. axb5 e6 19. Bf4 Bc8 20. fxg6 fxg6 21. Qd2 Bb7 22.
Bg5 Qd7 23. Bh6 Nxe2+ 24. Nxe2 e5 25. Be3 Qe7 26. Rxf8+ Rxf8 27. Ra1 Rb8 28.
Ra7 Qf8 29. Nc3 Bf6 30. Nd5 Bxd5 31. exd5 Ra8 32. Rxa8 Qxa8 33. Be4 Ne8 34. Kg2
Qa1 35. Qf2 Be7 36. g5 Ng7 37. h4 Qd1 38. Qf3 Qxf3+ 39. Bxf3 Nf5 40. Bf2 h6 41.
gxh6 Bxh4 42. Bg1 Kh7 43. Kh3 Be1 44. Be4 Kxh6 45. Kg4 Ng3 46. Be3+ Kg7 47. Bg5
Nxe4 48. dxe4 Kf7 1/2-1/2

[Event "TORNEO A"]
[Site "ZEVIO (VR) ITA"]
[Date "2023.03.26"]
[Round "5.2"]
[White "Landi, Roberto"]
[Black "Vincenzi, Marco"]
[Result "1/2-1/2"]
[WhiteElo "1807"]
[BlackElo "2052"]
[PlyCount "46"]
[EventDate "2023.03.25"]

1. d4 Nf6 2. Bf4 c5 3. e3 g6 4. c3 Bg7 5. Nd2 d6 6. h3 Nc6 7. Ngf3 O-O 8. Be2
Re8 9. O-O e5 10. dxe5 dxe5 11. Bg3 e4 12. Nh2 Be6 13. Qc2 Qb6 14. Rfd1 Rad8
15. Nhf1 a5 16. Nc4 Bxc4 17. Bxc4 Ne5 18. Bxe5 Rxe5 19. Rxd8+ Qxd8 20. Rd1 Qc7
21. Ng3 Re7 22. Bb5 Bh6 23. Qd2 Kg7 1/2-1/2

[Event "TORNEO A"]
[Site "ZEVIO (VR) ITA"]
[Date "2023.03.26"]
[Round "5.3"]
[White "Bertani, Gianfranco"]
[Black "Maniero, Andrea"]
[Result "1/2-1/2"]
[WhiteElo "1935"]
[BlackElo "1794"]
[PlyCount "173"]
[EventDate "2023.03.25"]

1. d4 c5 2. d5 Nf6 3. Nc3 g6 4. Bg5 Bg7 5. Qd2 h6 6. Bf4 Nh5 7. Be3 d6 8. h3 b5
9. g4 b4 10. Nd1 Nf6 11. Bg2 Bb7 12. c3 a5 13. Bf4 e5 14. Bg3 Nbd7 15. e4 Nb6
16. Ne3 Qd7 17. Ne2 Ba6 18. O-O Qb5 19. Rfe1 O-O 20. b3 Qd3 21. Qb2 Qb5 22. c4
Qe8 23. a3 Bb7 24. axb4 axb4 25. Rxa8 Qxa8 26. Ra1 Qb8 27. Ra5 Qc7 28. Qa2 Ra8
29. Nc1 Rxa5 30. Qxa5 Bc8 31. Nd3 Nfd7 32. Nd1 Qb7 33. f4 f6 34. fxe5 fxe5 35.
Bh4 Qa6 36. Qxa6 Bxa6 37. Ne3 Kf7 38. Bd8 Nc8 39. h4 Bf6 40. Bxf6 Nxf6 41. Bf3
Ne7 42. Kg2 Bc8 43. Kg3 Ne8 44. Nb2 Kf6 45. Na4 g5 46. Nb6 Ba6 47. Nd7+ Kg7 48.
hxg5 hxg5 49. Kf2 Bc8 50. Nb6 Ba6 51. Nf1 Nc8 52. Nd7 Ne7 53. Ng3 Bc8 54. Nb6
Ba6 55. Ke3 Kg6 $11 56. Nf5 Kf6 57. Nd7+ Kf7 58. Nxd6+ Nxd6 59. Nxc5 Bc8 60.
Nd3 Kf6 61. Nxb4 Nb7 62. Bd1 Bd7 63. Na6 Na5 64. Nc5 Bc8 65. Kd3 Kf7 66. Kc3
Ke8 67. Nd3 Ng6 68. b4 Nb7 69. c5 Kd8 70. Kc4 Kc7 71. b5 Bd7 72. b6+ Kb8 73.
Nb4 Na5+ 74. Kc3 Bb5 75. Nc2 Kb7 76. Kb4 Ka6 77. Ne3 Nf4 78. d6 Nd3+ 79. Kc3
Nxc5 80. Bf3 Kxb6 81. Nd5+ Kc6 82. Kb4 Nab7 83. d7 Nxd7 84. Ne7+ Kd6 85. Nf5+
Kc6 86. Ne7+ Kb6 87. Nd5+ 1/2-1/2

[Event "TORNEO A"]
[Site "ZEVIO (VR) ITA"]
[Date "2023.03.26"]
[Round "5.4"]
[White "Budyi, Danylo"]
[Black "Vujicic, Luigi"]
[Result "1-0"]
[WhiteElo "1857"]
[BlackElo "2006"]
[PlyCount "72"]
[EventDate "2023.03.25"]

1. b4 d5 2. Bb2 Bf5 3. e3 Nf6 4. Nf3 e6 5. a3 c6 6. c4 Bd6 7. Be2 Nbd7 8. d4
Qe7 9. Ne5 Ne4 10. Nd2 f6 11. Nxd7 Qxd7 12. Nxe4 Bxe4 13. f3 Bg6 14. Bd3 Qc7
15. f4 Qe7 16. Qc2 f5 17. c5 Bc7 18. O-O-O Kd8 19. g4 Be8 20. Qe2 Rf8 21. h4 g6
22. g5 b6 23. Bc3 a5 24. Qb2 Rb8 25. Kd2 Bf7 26. Rb1 Re8 27. Qc2 axb4 28. axb4
Qd7 29. b5 bxc5 30. dxc5 cxb5 31. Bf6+ Re7 32. c6 Qc8 33. Qc5 Ba5+ 34. Ke2 Qc7
35. Rxb5 Rxb5 36. Bxb5 Ke8 1-0

[Event "TORNEO A"]
[Site "ZEVIO (VR) ITA"]
[Date "2023.03.26"]
[Round "5.5"]
[White "Garista, Eugenio"]
[Black "Conte, Edoardo"]
[Result "1-0"]
[WhiteElo "1842"]
[BlackElo "1834"]
[PlyCount "31"]
[EventDate "2023.03.25"]

1. d4 Nf6 2. Nf3 g6 3. c4 Bg7 4. Nc3 d6 5. e4 O-O 6. Be2 Nbd7 7. O-O e5 8. Be3
exd4 9. Nxd4 c6 10. Qc2 Qc7 11. Rad1 Nb6 12. Bf4 Rd8 13. c5 Nbd7 14. Bxd6 Qa5
15. Nb3 Qb4 16. a3 1-0

[Event "TORNEO A"]
[Site "ZEVIO (VR) ITA"]
[Date "2023.03.26"]
[Round "5.6"]
[White "Bortolazzi, Michele"]
[Black "Costalonga, Riccardo"]
[Result "0-1"]
[WhiteElo "1831"]
[BlackElo "1830"]
[PlyCount "66"]
[EventDate "2023.03.25"]

1. e4 c5 2. Nf3 d6 3. d4 cxd4 4. Nxd4 Nf6 5. Nc3 a6 6. f4 b5 7. a3 Bb7 8. Bd3
Nbd7 9. O-O g6 10. Qe2 Qc7 11. Nf3 Bg7 12. Kh1 O-O 13. Bd2 Rac8 14. Rae1 e6 15.
Qf2 Nc5 16. Qh4 d5 17. e5 Nfe4 18. Bxe4 Nxe4 19. Nxe4 dxe4 20. Ng5 h6 21. Nxe4
Qxc2 22. Nd6 Bxg2+ 23. Kxg2 Qxd2+ 24. Qf2 Qd5+ 25. Kg3 Rc5 26. Qe3 g5 27. Ne4
Rc2 28. fxg5 Qxe5+ 29. Kg4 h5+ 30. Kxh5 Rxh2+ 31. Kg4 f5+ 32. gxf6 Qh5+ 33. Kf4
Bh6+ 0-1

[Event "TORNEO A"]
[Site "ZEVIO (VR) ITA"]
[Date "2023.03.26"]
[Round "5.7"]
[White "Goldoni, Claudio"]
[Black "Adami, Alessandro"]
[Result "1-0"]
[WhiteElo "1822"]
[BlackElo "1805"]
[PlyCount "93"]
[EventDate "2023.03.25"]

1. e4 Nf6 2. e5 Nd5 3. d4 d6 4. Nf3 Nc6 5. Bb5 Bd7 6. exd6 exd6 7. O-O Be7 8.
Re1 O-O 9. Nbd2 a6 10. Bd3 Bf6 11. c3 Nf4 12. Bc2 d5 13. Nf1 Ng6 14. Ng3 Qc8
15. Nh5 Be7 16. h3 Bd6 17. Qd3 Nce7 18. Ng3 Bxg3 19. fxg3 Bf5 20. Qd2 Re8 21.
g4 Bxc2 22. Qxc2 f5 23. g5 Qd7 24. h4 Nc6 25. Bd2 Nf8 26. b4 g6 27. a4 Rxe1+
28. Rxe1 Re8 29. Bf4 Rxe1+ 30. Nxe1 Qe7 31. Nf3 Ne6 32. Bd2 Ng7 33. Qd3 Nd8 34.
Bf4 Nh5 35. Be5 Nf7 36. b5 axb5 37. Qxb5 c6 38. Qb6 Nxe5 39. Nxe5 Ng3 40. Qb2
Ne4 41. a5 c5 42. Qa3 Qc7 43. Qb3 c4 44. Qb4 Nd2 45. Qb5 Qd8 46. Qxb7 Ne4 47.
a6 1-0